Nová úloha centra v řízení ekonomiky. 1.
Pri výstavbe novej riadiacej štruktúry zodpovedajúcej novému rozloženiu právomocí a zodpovedností je potrebné, aby v hornej časti riadiacej pyramídy bola podniková sféra. Nový systém centrálneho riadenia musí byť adekvátny trhovej ekonomike, musí rešpektovať novú úlohu centra i podnikov. V novom sys...
Gespeichert in:
| 1. Verfasser: | |
|---|---|
| Format: | Buchkapitel |
| Sprache: | Tschechisch |
| Schlagworte: | |
| Tags: |
Keine Tags, Fügen Sie das erste Tag hinzu!
|
MARC
| LEADER | 00000naa a2200000 4500 | ||
|---|---|---|---|
| 001 | r002948 | ||
| 005 | 20220819175525.6 | ||
| 041 | 0 | |a cze | |
| 044 | |a [CS] | ||
| 245 | 1 | 0 | |a Nová úloha centra v řízení ekonomiky. 1. |c V. Havlín |
| 520 | |a Pri výstavbe novej riadiacej štruktúry zodpovedajúcej novému rozloženiu právomocí a zodpovedností je potrebné, aby v hornej časti riadiacej pyramídy bola podniková sféra. Nový systém centrálneho riadenia musí byť adekvátny trhovej ekonomike, musí rešpektovať novú úlohu centra i podnikov. V novom systéme riadenia by mali byť záväzné len ciele a programy, ktoré si spoločnosť pre dané obdobie vytýči. Národohospodárska politika a jej nástroje. | ||
| 610 | 2 | 0 | |a štruktúra riadenia |
| 610 | 2 | 0 | |a riadenie centrálne |
| 610 | 2 | 0 | |a podnik |
| 610 | 2 | 0 | |a hospodárstvo trhové |
| 610 | 2 | 0 | |a politika hospodárska |
| 100 | 1 | |a Havlín, V. | |